| Registos Bibliográficos associados ao registo de autoridade |
|
Etiqueta de registo: 00000nkm 2200025 450 001 2246990 003 http://id.bnportugal.gov.pt/bib/catbnp/2246990 100 ## $a20260114d1994 m y0pory01030103ba 101 0# $apor 102 ## $aPT 200 1# $aII Exposição nacional de trajes tradicionais populares ao vivo, no Parque da Cidade,
em Barcelos, dia 29 maio de 1994$bVisual gráfico]$fFederação do Folclore Português 210 #9 $a[Vila Nova de Gaia]$cFederação do Folclore Português,$d1994$eBarcelos :$gCompanhia Editora do Minho, S.A.) 215 ## $a1 cartaz$ccolor.$d42,9x31,4 cm 675 ## $a766(=1:469)"199"(084.5)$vBN$zpor$31975740 710 02 $aExposição Nacional de Trajes Tradicionais Populares ao Vivo,$d2,$eBarcelos,$f1994$31998106 712 02 $aFederação do Folclore Português$4557$37198 801 #0 $aPT$bBN$gRPC 966 ## $lBN$mICONOG$sCT. 11460 V.$x1 971 ## $cCaticonografia3$d20260114 972 ## $d20260511$e1$vmferro$z0 995 ## $aPRR2026 $d20260114$iCaticonografia3
|
|
|